| 000 | 01211nam a2200253 i 4500 | ||
|---|---|---|---|
| 001 | 17356 | ||
| 003 | ES-MaACL | ||
| 005 | 20250622053044.0 | ||
| 007 | t| | ||
| 008 | 010214s1889 sp ||||1| spa d | ||
| 080 | _a330.82/.85 | ||
| 100 | 1 |
_aBotella, Cristóbal, _d1867-1921 _930745 |
|
| 245 | 1 | 0 |
_aNaturaleza y estado actual de la economía política _b: discurso leído en el Ateneo de Madrid con motivo de la apertura de la Sección de Ciencias Morales y Políticas : curso de 1888 a 1889 / _cpor el secretario primero de la misma don Cristóbal Botella. |
| 260 |
_aMadrid : _bMiguel Minuesa de los Ríos, _c1889. |
||
| 300 |
_a40 p. ; _c27 cm. |
||
| 610 | 2 |
_aAteneo de Madrid- _vConferencias- _yS.XIX. _91910 |
|
| 610 | 2 |
_aAteneo de Madrid- _vObras digitalizadas. _91930 |
|
| 650 | 1 | 4 |
_aEconomía- _yS.XIX. _912014 |
| 710 | 2 |
_aAteneo de Madrid. _bSección de Ciencias Morales y Políticas _91985 |
|
| 852 |
_aES-MaACL _j2240-F-6 _zRevisado enlace: 03 de Myo de 2025 _cDEPOF _g Dedicatoria manuscrita del autor al Ateneísta Felipe A. Navarro |
||
| 856 | 4 |
_uhttp://www.ateneodemadrid.com/biblioteca_digital/folletos/Discursos-022.pdf _yVer documento |
|
| 942 | _2udc | ||
| 999 |
_c17356 _d17356 |
||